[Event "HUN-chT2 Asztalos 1718"]
[Site "Hungary"]
[Date "2018.05.06"]
[Round "9.11"]
[White "Kondakor, Mark"]
[Black "Vavro, Lajos"]
[Result "1-0"]
[WhiteElo "1814"]
[BlackElo "1503"]
[PlyCount "85"]
[EventDate "2017.10.29"]
[EventType "team-tourn"]
[EventRounds "9"]
[EventCountry "HUN"]
[SourceTitle "EXT 2021"]
[Source "ChessBase"]
[SourceDate "2020.10.23"]
[SourceVersion "1"]
[SourceVersionDate "2020.10.23"]
[SourceQuality "1"]
[WhiteTeam "Nagyatad"]
[BlackTeam "Sarosd"]
[WhiteTeamCountry "HUN"]
[BlackTeamCountry "HUN"]

1. d4 d5 2. Nf3 f5 3. Bf4 e6 4. e3 Nf6 5. Bd3 Bd6 6. Bxd6 cxd6 7. c4 dxc4 8. Bxc4 d5 9. Be2 0-0 10. 0-0 Nc6 11. Nc3 Bd7 12. Qb3 Ne4 13. Rfd1 Nxc3 14. bxc3 Na5 15. Qa3 b5 16. Ne5 Nc4 17. Bxc4 bxc4 18. Qd6 Bc8 19. Qc6 Rb8 20. Rab1 Rb6 21. Rxb6 Qxb6 22. Qxb6 axb6 23. Rb1 g5 24. Rxb6 Kg7 25. a4 Re8 26. Kf1 Re7 27. Nc6 Rb7 28. a5 Kf8 29. Rxb7 Bxb7 30. Nd8 Bc8 31. a6 Bxa6 32. Nxe6+ Ke7 33. Nxg5 h6 34. Nf3 Kf6 35. Ke2 Bc8 36. Ne5 h5 37. Kf3 Kg5 38. Nf7+ Kg6 39. Nd6 Bd7 40. Kf4 Kf6 41. h4 Be6 42. Ne8+ Ke7 43. Ke5 1-0

[Event "HUN-chT2 Asztalos 1617"]
[Site "Hungary"]
[Date "2016.12.11"]
[Round "6.12"]
[White "Henyecz, Tamas"]
[Black "Vavro, Lajos"]
[Result "0-1"]
[WhiteElo "1376"]
[BlackElo "1420"]
[PlyCount "92"]
[EventDate "2016.09.25"]
[EventType "team-tourn"]
[EventRounds "11"]
[EventCountry "HUN"]
[SourceTitle "EXT 2021"]
[Source "ChessBase"]
[SourceDate "2020.10.23"]
[SourceVersion "1"]
[SourceVersionDate "2020.10.23"]
[SourceQuality "1"]
[WhiteTeam "Fehervar"]
[BlackTeam "Sarosd"]
[WhiteTeamCountry "HUN"]
[BlackTeamCountry "HUN"]

1. e4 c5 2. Nf3 Nc6 3. d4 cxd4 4. Nxd4 a6 5. Nc3 e6 6. a3 g6 7. Be3 Bg7 8. Bc4 Nge7 9. Nxc6 Nxc6 10. 0-0 0-0 11. Bc5 Re8 12. Bd6 b5 13. Bb3 Bb7 14. Re1 Rc8 15. f4 Qb6+ 16. Kh1 Nd4 17. e5 Nf5 18. Qd2 Nxd6 19. exd6 Rc6 20. Rad1 Bxc3 21. bxc3 Rec8 22. c4 bxc4 23. Ba4 c3 24. Qd3 Rc5 25. Rb1 Qa7 26. Qe3 Bc6 27. Bxc6 R8xc6 28. Red1 a5 29. Rb5 Rd5 30. Qxa7 Rxd1+ 31. Qg1 Rxg1+ 32. Kxg1 Rxd6 33. Rc5 Rd1+ 34. Kf2 Rd2+ 35. Kf3 Rxc2 36. Rxa5 Ra2 37. Ke4 Rxg2 38. Rc5 c2 39. Kd3 Rxh2 40. Rxc2 Rxc2 41. Kxc2 Kf8 42. Kb3 Ke8 43. Kb4 Kd8 44. Kb5 Kc7 45. a4 h5 46. a5 Kb7 0-1